01563nam a2200373 i 4500001001000000003000900010005001700019007000300036008004100039020001800080040003000098041000800128082002900136100004200165245018800207264009500395300002800490336002700518337003400545338002800579500005900607500003400666500002300700651003700723651005900760651006700819651005000886651004500936700004200981700004601023700004201069700003501111700004301146000047609DO-SdBNP20260305073952.0ta180704s2025 dr 001 0 spa d a9789993439790 aDO-SdBNPbspacBNPHUerda aspa 4a972.93bM938ot 20252221 aMoya Pons, Frank,d1944-eautor4aut.10aOtras miradas a la historia dominicana /cFrank Moya Pons ; coordinación editorial, Clara Dobarro ; edición, María del Carmen Vicente, Andrés Blanco y Manuel Ángel Suárez. 4aSanto Domingo, República Dominicana :bEditora Nacional,bMinisterio de Cultura,c©2025 a609 páginas ;c24 cm. atextobtxt2rdacontent asin mediación bn2rdamedia avolumenbnc2rdacarrier aIncluye datos biográficos de la autor en las solapas aIncluye índice onomástico aIncluye apéndice 4aRepública DominicanaxHistoria 4aRepública DominicanaxCondiciones socialesxHistoria 4aRepública DominicanaxCondiciones económicas xHistoria  4aRepública DominicanaxPoblaciónxHistoria 4aRepública DominicanaxHistoriografía1 aDobarro, Clara,ecoordinador 4coord.1 aVicente, María del Carmen,eeditor4ed.1 aSuárez, Manuel Ángeleeditor4ed.1 aBlanco, Andrés eeditor4ed.1 aSuárez, Manuel Ángel eeditor4ed.